000 00289nam a2200109Ia 4500
008 220204s9999 xx 000 0 und d
082 _a665.93
_bBOD
245 0 _aDurability of adhesive bonded structures
260 _aNew York
_bJohn wiley
_c1977
700 _aBodnar, Michael J
942 _cBK
999 _c33700
_d33700